000 00579nam a22002057a 4500
999 _c6116
_d6116
003 AR-CdUCM
008 190313b ||||| |||| 00| 0 spa d
040 _aMUNICIPALIDAD PROVINCIAL DEL CUSCO
_cBIBLIOTECA MUNICIPAL DEL CUSCO
041 _heng
082 _a086.838 /
_bG57
100 _aGoethe, Johann Wolfgang
_929217
245 _aObras Completas /
260 _aEspaƱa :
_bAguilar ,
_c1962.
300 _a3 tomos ;
_c18 cm.
650 _aLiteratura universal
_9611
650 _aRomanticismo
_9398
650 _aClasisismo
_917760
942 _2ddc
_cLIBROS
945 _artm